000 00472ntaaa2200193 4500
003 01
005 20251027202042.0
008 0714s1973 ag 01
020 _a9505510942
040 _aAR-BaBN
_bspa
_cAR-BaBN
_eaacr
_dRIC
082 _a251.0100 R73f
100 _aRostagno, Bruno
_919115
245 _aLa fe nace por el oir
250 _a1 ed.
260 _aBuenos Aires :
_bAurora,
_c1989
300 _a77 p ;
_c24,5 cm
650 _ahomilética
_91351
942 _cBK
999 _c15324
_d15324